Local authority housing in Kenya (Record no. 49422)

MARC details
000 -LEADER
fixed length control field 00649nam a2200169 a 4500
008 - FIXED-LENGTH DATA ELEMENTS--GENERAL INFORMATION
fixed length control field 120416s1978 ||||||||||||||||| || u
050 ## - LIBRARY OF CONGRESS CALL NUMBER
Classification number HD 7288.78.K4 Mul
100 ## - MAIN ENTRY--PERSONAL NAME
Personal name Muller, M. S
245 10 - TITLE STATEMENT
Title Local authority housing in Kenya
246 ## - VARYING FORM OF TITLE
Title proper/short title report on a survey carried out by the Ministry of Housing and Social Services...
260 ## - PUBLICATION, DISTRIBUTION, ETC.
Place of publication, distribution, etc. Nairobi
Name of publisher, distributor, etc. Housing Research and Development Unit
Date of publication, distribution, etc. 1978
350 ## - PRICE (NR) (BK AM CF MU VM SE) [OBSOLETE]
Price 0.00
650 ## - SUBJECT ADDED ENTRY--TOPICAL TERM
Topical term or geographic name entry element HOUSING
650 ## - SUBJECT ADDED ENTRY--TOPICAL TERM
Topical term or geographic name entry element HOUSING--KENYA
700 ## - ADDED ENTRY--PERSONAL NAME
Personal name Eygelaar, J
995 ## - RECOMMENDATION 995 [LOCAL, UNIMARC FRANCE]
-- 0.00
-- CBU-MAIN LIBRARY (Kitwe)
-- 1
-- 0.00
-- 1
-- DAMAGED
-- Main Library Open Access Collection
Holdings
Withdrawn status Lost status Source of classification or shelving scheme Damaged status Not for loan Home library Current library Shelving location Date acquired Total Checkouts Full call number Barcode Date last seen Price effective from Koha item type
          CBU-MAIN LIBRARY, KITWE. CBU-MAIN LIBRARY, KITWE.   11/30/2022   HD 7288.78.K4 Mul 703736 11/30/2022 11/30/2022 MONOGRAPH